01117 2200217 4500001002100000005001500021035002000036007000300056008004100059020001800100082001000118084001600128100001700144245013200161250000600293260005300299300004900352650002600401520045600427990001600883INLIS00000000000232620250822092308 a0010-0825000602ta250822 g 0 ind  a9786024526610 a387.7 a387.7 CHA r0 aChappy Hakim1 aRute Penerbangan Pemersatu Bangsa :b70 Artikel Pilihan /cChappy Hakim (Penulis); Rahma Pratiwi, Resna Anggria Putri (Editor); a- aJakarta :bGramedia Widiasarana Indonesia,c2017 a332 hlm :bteks, ilustrasi berwarna ;c23 cm 4aPenerbangan Indonesia aTahun 1970-an, penerbangan perintis, terutama di Indonesia Timur dan pelosok-pelosoknya diisi oleh Merpati Nusantara Airlines (MNA). Sebagai penerbangan satu-satunya yang melayani rute itu, penerbangan perintis dapat dikatakan juga sebagai penerbangan pemersatu bangsa. Mengingat perannya yang tidak semata mencari keuntungan secara komersial, tetapi juga sebagai agen pembangunan dalam hal mendukung kebutuhan administrasi logistik pemerintah daerah. a00000003302